[Event "Nakhchivan Premium 2021"]
[Site "Nakhchivan"]
[Date "2021.03.26"]
[Round "5.3"]
[White "Hasanzade, Toghrul"]
[Black "Gasimov, Parviz"]
[Result "1-0"]
[WhiteElo "2322"]
[BlackElo "2337"]
[Annotator "ChessBase"]
[PlyCount "91"]
[EventDate "2021.03.14"]
[EventType "tourn"]
[EventCountry "AZE"]
[SourceTitle "playchess.com"]
[Source "ChessBase"]
[SourceQuality "1"]
[TimeControl "5400+30"]

1. d4 {[%emt 0:00:00]} e6 {[%emt 0:04:04]} 2. c4 {[%emt 0:00:00]} Nf6 {[%emt 0:00:20]} 3. Nc3 {[%emt 0:00:00]} Bb4 {[%emt 0:01:30]} 4. e3 {[%emt 0:00:00]} O-O {[%emt 0:02:04]} 5. Bd3 {[%emt 0:00:07]} c5 {[%emt 0:01:20]} 6. a3 {[%emt 0:00:20]} Bxc3+ {[%emt 0:09:18]} 7. bxc3 {[%emt 0:00:04]} d5 {[%emt 0:00:05]} 8. Ne2 {[%emt 0:01:38]} b6 {[%emt 0:05:13]} 9. cxd5 {[%emt 0:00:49]} exd5 {[%emt 0:00:21]} 10. O-O {[%emt 0:00:19]} Ba6 {[%emt 0:02:44]} 11. Ng3 {[%emt 0:02:25]} Bxd3 {[%emt 0:05:07]} 12. Qxd3 {[%emt 0:00:13]} Nc6 {[%emt 0:01:11]} 13. Bb2 {[%emt 0:01:59]} Re8 {[%emt 0:07:27]} 14. f3 {[%emt 0:01:50]} h5 {[%emt 0:04:51]} 15. e4 {[%emt 0:05:30]} c4 {[%emt 0:06:28]} 16. Qe2 {[%emt 0:24:51]} h4 {[%emt 0:03:44]} 17. Nf5 {[%emt 0:00:23]} dxe4 {[%emt 0:06:41]} 18. fxe4 {[%emt 0:00:32]} Rxe4 {[%emt 0:02:47]} 19. Qxc4 {[%emt 0:00:39]} Rc8 {[%emt 0:09:00]} 20. Qb5 {[%emt 0:09:29]} Ne7 {[%emt 0:06:44]} 21. Nh6+ {[%emt 0:08:54]} Kf8 {[%emt 0:01:34]} 22. a4 {[%emt 0:04:15]} Qd5 {[%emt 0:03:52]} 23. Qd3 {[%emt 0:03:26]} Qe6 {[%emt 0:03:56]} 24. Ba3 {[%emt 0:03:32]} Re3 {[%emt 0:00:41]} 25. Qd2 {[%emt 0:09:38]} Re2 {[%emt 0:02:49]} 26. Qxe2 {[%emt 0:15:54]} Qxe2 {[%emt 0:00:28]} 27. Rfe1 {[%emt 0:00:22]} Qxe1+ {[%emt 0:03:23]} 28. Rxe1 {[%emt 0:00:08]} gxh6 {[%emt 0:00:28]} 29. Rxe7 {[%emt 0:02:56]} Kg8 {[%emt 0:00:37]} 30. Bb2 {[%emt 0:01:37]} a5 {[%emt 0:01:22]} 31. Re5 {[%emt 0:01:02]} Rc4 {[%emt 0:02:54]} 32. Rb5 {[%emt 0:00:49]} Nd7 {[%emt 0:01:03]} 33. Kf2 {[%emt 0:01:39]} Rxa4 {[%emt 0:00:14]} 34. Ke3 {[%emt 0:00:39]} Ra2 {[%emt 0:00:42]} 35. c4 {[%emt 0:00:41]} a4 {[%emt 0:00:09]} 36. Bc3 {[%emt 0:00:24]} Rxg2 {[%emt 0:01:56]} 37. c5 {[%emt 0:00:07]} Rg5 {[%emt 0:00:28]} 38. c6 {[%emt 0:00:35]} Nf6 {[%emt 0:00:50]} 39. c7 {[%emt 0:00:19]} Rxb5 {[%emt 0:00:13]} 40. c8=Q+ {[%emt 0:00:00]} Kg7 {[%emt 0:00:00]} 41. Qc6 {[%emt 0:00:00]} Nd5+ {[%emt 0:00:00]} 42. Ke4 {[%emt 0:00:00]} Nf6+ {[%emt 0:00:00]} 43. Kd3 {[%emt 0:00:00]} Rf5 {[%emt 0:00:00]} 44. d5 {[%emt 0:00:00]} a3 {[%emt 0:00:00]} 45. d6 {[%emt 0:00:00]} Rc5 {[%emt 0:00:00]} 46. Qxc5 {[%emt 0:00:00]} 1-0

[Event "Nakhchivan Premium 2021"]
[Site "Nakhchivan"]
[Date "2021.03.26"]
[Round "5.4"]
[White "Mammadov, Sadig"]
[Black "Seyid, Huseyn"]
[Result "1/2-1/2"]
[WhiteElo "2237"]
[BlackElo "1660"]
[Annotator "ChessBase"]
[PlyCount "100"]
[EventDate "2021.03.14"]
[EventType "tourn"]
[EventCountry "AZE"]
[SourceTitle "playchess.com"]
[Source "ChessBase"]
[SourceQuality "1"]
[TimeControl "5400+30"]

1. d4 {[%emt 0:00:00]} d5 {[%emt 0:00:00]} 2. c4 {[%emt 0:00:00]} e6 {[%emt 0:00:00]} 3. Nc3 {[%emt 0:00:11]} Nf6 {[%emt 0:00:00]} 4. e3 {[%emt 0:01:20]} c6 {[%emt 0:01:00]} 5. Nf3 {[%emt 0:00:31]} Nbd7 {[%emt 0:00:14]} 6. Qc2 {[%emt 0:00:17]} Bd6 {[%emt 0:01:06]} 7. b3 {[%emt 0:00:14]} O-O {[%emt 0:03:23]} 8. Bb2 {[%emt 0:00:23]} b6 {[%emt 0:00:17]} 9. Bd3 {[%emt 0:00:23]} Re8 {[%emt 0:01:16]} 10. O-O {[%emt 0:02:40]} Bb7 {[%emt 0:01:46]} 11. e4 {[%emt 0:03:21]} dxe4 {[%emt 0:00:58]} 12. Nxe4 {[%emt 0:00:10]} Nxe4 {[%emt 0:01:52]} 13. Bxe4 {[%emt 0:00:01]} Nf6 {[%emt 0:08:34]} 14. Bd3 {[%emt 0:07:14]} h6 {[%emt 0:12:04]} 15. Rad1 {[%emt 0:06:58]} Qe7 {[%emt 0:14:08]} 16. Ne5 {[%emt 0:05:04]} c5 {[%emt 0:04:17]} 17. dxc5 {[%emt 0:00:20]} bxc5 {[%emt 0:06:29]} 18. Qe2 {[%emt 0:03:22]} Rad8 {[%emt 0:03:41]} 19. Rd2 {[%emt 0:08:46]} Bc7 {[%emt 0:08:09]} 20. Bc3 {[%emt 0:00:45]} Nd7 {[%emt 0:04:26]} 21. Nxd7 {[%emt 0:00:25]} Rxd7 {[%emt 0:00:36]} 22. Qg4 {[%emt 0:00:19]} f5 {[%emt 0:01:27]} 23. Qe2 {[%emt 0:11:46]} Bf4 {[%emt 0:05:54]} 24. Rdd1 {[%emt 0:04:54]} Red8 {[%emt 0:04:09]} 25. g3 {[%emt 0:12:35]} Bc7 {[%emt 0:01:15]} 26. Rfe1 {[%emt 0:00:24]} Qf7 {[%emt 0:08:10]} 27. Bc2 {[%emt 0:02:09]} Rxd1 {[%emt 0:00:43]} 28. Bxd1 {[%emt 0:00:08]} Re8 {[%emt 0:05:52]} 29. f4 {[%emt 0:03:20]} Qd7 {[%emt 0:00:49]} 30. Kf2 {[%emt 0:03:47]} Qc6 {[%emt 0:01:47]} 31. Qf3 {[%emt 0:02:18]} Kf7 {[%emt 0:00:32]} 32. Qxc6 {[%emt 0:03:20]} Bxc6 {[%emt 0:00:01]} 33. Bf3 {[%emt 0:02:05]} Bxf3 {[%emt 0:00:03]} 34. Kxf3 {[%emt 0:00:01]} Rd8 {[%emt 0:00:23]} 35. Ke2 {[%emt 0:00:24]} g6 {[%emt 0:01:01]} 36. Rb1 {[%emt 0:00:38]} e5 {[%emt 0:00:49]} 37. fxe5 {[%emt 0:01:08]} Ke6 {[%emt 0:00:27]} 38. Re1 {[%emt 0:02:09]} g5 {[%emt 0:00:42]} 39. a3 {[%emt 0:04:44]} f4 {[%emt 0:00:31]} 40. gxf4 {[%emt 0:00:00]} gxf4 {[%emt 0:00:00]} 41. b4 {[%emt 0:00:00]} Kf5 {[%emt 0:00:00]} 42. Kf2 {[%emt 0:00:00]} Rd3 {[%emt 0:00:00]} 43. e6 {[%emt 0:00:00]} Bd6 {[%emt 0:00:00]} 44. e7 {[%emt 0:00:00]} Bxe7 {[%emt 0:00:00]} 45. Rxe7 {[%emt 0:00:00]} Rxc3 {[%emt 0:00:00]} 46. Rxa7 {[%emt 0:00:00]} cxb4 {[%emt 0:00:00]} 47. axb4 {[%emt 0:00:00]} Rxc4 {[%emt 0:00:00]} 48. Rf7+ {[%emt 0:00:00]} Ke4 {[%emt 0:00:00]} 49. Re7+ {[%emt 0:00:00]} Kf5 {[%emt 0:00:00]} 50. Rf7+ {[%emt 0:00:00]} Ke5 1/2-1/2

[Event "Nakhchivan Premium 2021"]
[Site "Nakhchivan"]
[Date "2021.03.26"]
[Round "5.5"]
[White "Aliyev, Aykhan"]
[Black "Ismayilov, Arturan"]
[Result "1-0"]
[WhiteElo "1683"]
[BlackElo "1663"]
[Annotator "NA"]
[PlyCount "125"]
[EventDate "2021.03.14"]
[EventType "tourn"]
[EventCountry "AZE"]
[SourceTitle "playchess.com"]
[Source "ChessBase"]
[SourceQuality "1"]
[TimeControl "5400+30"]

1. e4 {[%emt 0:00:00]} c5 {[%emt 0:00:00]} 2. Nf3 {[%emt 0:00:00]} Nc6 {[%emt 0:00:00]} 3. Bb5 {[%emt 0:02:12]} g6 {[%emt 0:00:15]} 4. O-O {[%emt 0:00:46]} Bg7 {[%emt 0:00:30]} 5. Re1 {[%emt 0:00:14]} Nf6 {[%emt 0:00:31]} 6. e5 {[%emt 0:00:06]} Nd5 {[%emt 0:02:48]} 7. Nc3 {[%emt 0:00:09]} Nc7 {[%emt 0:04:02]} 8. Bxc6 {[%emt 0:00:23]} dxc6 {[%emt 0:02:09]} 9. d3 {[%emt 0:03:22]} O-O {[%emt 0:02:09]} 10. Ne4 {[%emt 0:04:22]} b6 {[%emt 0:02:43]} 11. h3 {[%emt 0:00:37]} Ne6 {[%emt 0:08:11]} 12. Be3 {[%emt 0:27:50]} Qc7 {[%emt 0:03:25]} 13. Neg5 {[%emt 0:02:46]} Bxe5 {[%emt 0:06:39]} 14. Nxe6 {[%emt 0:03:07]} Bxe6 {[%emt 0:00:26]} 15. Nxe5 {[%emt 0:00:16]} Qxe5 {[%emt 0:00:01]} 16. Bh6 {[%emt 0:00:15]} Qxb2 {[%emt 0:00:01]} 17. Bxf8 {[%emt 0:00:06]} Rxf8 {[%emt 0:00:04]} 18. a4 {[%emt 0:00:08]} Rd8 {[%emt 0:01:37]} 19. a5 {[%emt 0:01:32]} b5 {[%emt 0:03:05]} 20. Qf3 {[%emt 0:11:09]} Rd6 {[%emt 0:03:23]} 21. c4 {[%emt 0:08:00]} b4 {[%emt 0:02:44]} 22. Qe3 {[%emt 0:08:10]} Qd4 {[%emt 0:03:11]} 23. Qxd4 {[%emt 0:02:51]} Rxd4 {[%emt 0:00:44]} 24. Re3 {[%emt 0:00:27]} Kf8 {[%emt 0:01:02]} 25. Kf1 {[%emt 0:10:04]} Ke8 {[%emt 0:00:09]} 26. Ke2 {[%emt 0:01:46]} Kd7 {[%emt 0:00:04]} 27. g4 {[%emt 0:04:39]} f5 {[%emt 0:02:41]} 28. f3 {[%emt 0:03:54]} Kd6 {[%emt 0:00:17]} 29. Rd1 {[%emt 0:01:38]} h6 {[%emt 0:01:20]} 30. Ke1 {[%emt 0:00:34]} h5 {[%emt 0:00:35]} 31. gxh5 {[%emt 0:01:17]} gxh5 {[%emt 0:00:18]} 32. Re2 {[%emt 0:00:17]} Rh4 {[%emt 0:07:52]} 33. Rh2 {[%emt 0:01:12]} f4 {[%emt 0:01:26]} 34. Ke2 {[%emt 0:00:19]} Bf5 {[%emt 0:02:50]} 35. Rg1 {[%emt 0:01:30]} Rxh3 {[%emt 0:13:18]} 36. Rxh3 {[%emt 0:00:33]} Bxh3 {[%emt 0:00:01]} 37. Rh1 {[%emt 0:00:41]} Bf5 {[%emt 0:00:47]} 38. Rxh5 {[%emt 0:00:08]} Bd7 {[%emt 0:08:03]} 39. d4 {[%emt 0:00:51]} cxd4 {[%emt 0:00:33]} 40. c5+ {[%emt 0:00:00]} Kc7 {[%emt 0:00:00]} 41. Kd3 {[%emt 0:00:00]} b3 {[%emt 0:00:00]} 42. Rh2 {[%emt 0:00:00]} Kb7 {[%emt 0:00:00]} 43. Re2 {[%emt 0:00:00]} Bf5+ {[%emt 0:00:00]} 44. Kxd4 {[%emt 0:00:00]} Ka6 {[%emt 0:00:00]} 45. Kc3 {[%emt 0:00:00]} Kxa5 {[%emt 0:00:00]} 46. Kxb3 {[%emt 0:00:00]} Kb5 {[%emt 0:00:00]} 47. Rxe7 {[%emt 0:00:00]} a5 {[%emt 0:00:00]} 48. Kc3 {[%emt 0:00:00]} a4 {[%emt 0:00:00]} 49. Rf7 {[%emt 0:00:00]} Be6 {[%emt 0:00:00]} 50. Rxf4 {[%emt 0:00:00]} a3 {[%emt 0:00:00]} 51. Re4 {[%emt 0:00:00]} Bd5 {[%emt 0:00:34]} 52. Re3 {[%emt 0:00:00]} Kxc5 {[%emt 0:01:06]} 53. f4 {[%emt 0:00:00]} a2 {[%emt 0:01:22]} 54. Kb2 {[%emt 0:00:00]} Kd4 {[%emt 0:05:39]} 55. Re7 {[%emt 0:05:12]} c5 {[%emt 0:01:24]} 56. f5 {[%emt 0:00:08]} Bb3 {[%emt 0:08:16]} 57. f6 {[%emt 0:00:52]} c4 {[%emt 0:00:02]} 58. Ra7 {[%emt 0:00:30]} Kd3 {[%emt 0:04:15]} 59. f7 {[%emt 0:00:41]} c3+ {[%emt 0:02:06]} 60. Kxb3 {[%emt 0:00:06]} c2 {[%emt 0:02:14]} 61. Kb2 {[%emt 0:00:10]} Kd2 {[%emt 0:00:31]} 62. Rd7+ {[%emt 0:00:07]} Ke2 {[%emt 0:00:43]} 63. Rc7 1-0

[Event "Nakhchivan Premium 2021"]
[Site "Nakhchivan"]
[Date "2021.03.26"]
[Round "5.6"]
[White "Garayev, Sadig"]
[Black "Babayeva, Nasrin"]
[Result "1-0"]
[WhiteElo "1781"]
[BlackElo "1564"]
[Annotator "NA"]
[PlyCount "57"]
[EventDate "2021.03.14"]
[EventType "tourn"]
[EventCountry "AZE"]
[SourceTitle "playchess.com"]
[Source "ChessBase"]
[SourceQuality "1"]
[TimeControl "5400+30"]

1. e4 {[%emt 0:00:00]} e6 {[%emt 0:00:00]} 2. d4 {[%emt 0:00:00]} d5 {[%emt 0:00:00]} 3. Nd2 {[%emt 0:00:00]} h6 {[%emt 0:00:00]} 4. Ngf3 {[%emt 0:00:01]} Nf6 {[%emt 0:00:00]} 5. e5 {[%emt 0:00:34]} Nfd7 {[%emt 0:00:15]} 6. Bd3 {[%emt 0:00:16]} c5 {[%emt 0:00:11]} 7. c3 {[%emt 0:00:01]} Nc6 {[%emt 0:00:22]} 8. O-O {[%emt 0:00:08]} g5 {[%emt 0:03:43]} 9. dxc5 {[%emt 0:03:35]} Ncxe5 {[%emt 0:02:02]} 10. Bb5 {[%emt 0:06:18]} Nxf3+ {[%emt 0:11:47]} 11. Nxf3 {[%emt 0:01:19]} Bxc5 {[%emt 0:01:11]} 12. b4 {[%emt 0:06:40]} Be7 {[%emt 0:00:37]} 13. Nd4 {[%emt 0:13:34]} O-O {[%emt 0:15:47]} 14. f4 {[%emt 0:06:49]} e5 {[%emt 0:18:38]} 15. Nf5 {[%emt 0:08:45]} exf4 16. Nxh6+ {[%emt 0:02:11]} Kh7 {[%emt 0:01:38]} 17. Nf5 {[%emt 0:05:24]} Nf6 {[%emt 0:04:00]} 18. Nd4 {[%emt 0:11:36]} Rh8 {[%emt 0:02:40]} 19. h4 {[%emt 0:15:11]} Ng4 {[%emt 0:12:07]} 20. Bxf4 {[%emt 0:08:28]} gxf4 {[%emt 0:06:43]} 21. Rxf4 {[%emt 0:00:00]} Bxh4 {[%emt 0:02:28]} 22. Qd3+ {[%emt 0:05:25]} Kg8 {[%emt 0:01:03]} 23. Raf1 {[%emt 0:02:24]} Bf2+ {[%emt 0:07:13]} 24. R1xf2 {[%emt 0:00:21]} Qh4 25. Qg6+ {[%emt 0:00:29]} fxg6 {[%emt 0:01:44]} 26. Rf8+ {[%emt 0:00:03]} Kg7 {[%emt 0:00:10]} 27. R2f7+ {[%emt 0:00:08]} Kh6 {[%emt 0:00:27]} 28. Rxh8+ {[%emt 0:00:08]} Kg5 {[%emt 0:00:01]} 29. Nf3# {[%emt 0:00:14]} 1-0

[Event "Nakhchivan Premium 2021"]
[Site "Nakhchivan"]
[Date "2021.03.27"]
[Round "6.1"]
[White "Sevdimaliyev, Urfan"]
[Black "Babayeva, Nasrin"]
[Result "1-0"]
[WhiteElo "2369"]
[BlackElo "1564"]
[Annotator "TA"]
[PlyCount "103"]
[EventDate "2021.03.14"]
[EventType "tourn"]
[EventCountry "AZE"]
[SourceTitle "playchess.com"]
[Source "ChessBase"]
[SourceQuality "1"]

{[%evp 13,103,16,18,9,18,14,17,6,12,14,61,77,104,108,104,111,105,97,121,111,144,139,132,139,125,145,194,135,139,140,137,104,103,89,210,200,208,175,179,141,148,135,152,161,143,135,133,135,147,150,336,320,320,313,492,499,499,620,598,518,2127,1906,2858,2427,29979,29980,29980,29978,29981,29982,29982,29983,29983,29984,29984,29985,29985,29986,29986,29987,29987,29988,29990,29991,29991,29992,29992,29993,29993,29994,29994,29995]} 1. e4 e5 2. Bc4 Nf6 3. d3 Bc5 4. Nf3 Nc6 5. O-O O-O 6. a4 d6 7. c3 a5 8. Na3 {C54: Giuoco Piano: 4 c3 Nf6, main lines with 5 d4 and 5 d3.} Bg4 9. h3 Bh5 10. Re1 {[#] The position is equal.} Qd7 $146 ({Predecessor:} 10... Ne7 11. Nc2 Ng6 12. g4 Nxg4 13. hxg4 Bxg4 14. d4 exd4 15. cxd4 Qf6 16. Be2 Bxf3 17. Bxf3 {1-0 (56) Buyuk,E (1783)-Ersoz,N (1084) Antalya 2020}) 11. Bg5 Bxa3 (11... d5 {with more complications.} 12. exd5 Nxd5 13. Nb5 Nb6 14. Bh4 Nxc4 15. dxc4 Qxd1 16. Raxd1 Bxf3 17. gxf3 Rac8) 12. Rxa3 d5 13. exd5 Nxd5 14. Nxe5 Nxe5 15. Qxh5 Nxc4 16. dxc4 {aiming for Rd1.} Nb6 {[#]} 17. b3 $1 Qf5 {White must now prevent ...f6.} 18. Qg4 Qxg4 19. hxg4 Rfe8 20. Raa1 (20. Rd1 $18) 20... Nd7 $16 21. Rxe8+ Rxe8 {[%mdl 4096] Endgame KRB-KRN} 22. Rd1 Nc5 23. Be3 Ne4 (23... Nxb3 $16 24. Rb1 Rxe3 {[%mdl 64] Remove Defender} 25. fxe3 Nc5) 24. Rd7 $18 Rc8 25. f3 Nxc3 26. Rd3 Na2 27. Bd2 b6 {[#]} 28. c5 $1 Kf8 29. c6 Ke7 30. Rd7+ Ke6 31. Kf2 Nb4 $2 {Black cannot hold the game after this.} (31... h6 $16 32. Ke1 g6) 32. Bxb4 axb4 {KR-KR} 33. Ke3 Re8 (33... Rh8 {was worth a try.} 34. Rxc7 h5) 34. Kd4 Re7 35. Rxe7+ Kxe7 {KP-KP} 36. Kd5 g6 (36... h6 $142 37. f4 f5 38. gxf5 h5) 37. g5 f6 38. f4 f5 39. g3 {White mates.} Kf7 40. Kc4 Ke6 41. Kxb4 Kd5 42. Kb5 Ke4 43. b4 Kf3 44. a5 bxa5 45. bxa5 Kxg3 46. a6 Kxf4 47. a7 Kxg5 48. a8=Q f4 49. Qd8+ {[%mdl 64] Double Attack} Kg4 50. Qxc7 h5 51. Qf7 g5 52. c7 {Weighted Error Value: White=0.07/Black=0.32} 1-0

[Event "Nakhchivan Premium 2021"]
[Site "Nakhchivan"]
[Date "2021.03.27"]
[Round "6.2"]
[White "Ismayilov, Arturan"]
[Black "Garayev, Sadig"]
[Result "1-0"]
[WhiteElo "1663"]
[BlackElo "1781"]
[Annotator "NA RC"]
[PlyCount "109"]
[EventDate "2021.03.14"]
[EventType "tourn"]
[EventCountry "AZE"]
[SourceTitle "playchess.com"]
[Source "ChessBase"]
[SourceQuality "1"]
[TimeControl "5400+30"]

1. e4 {[%emt 0:00:00]} e6 {[%emt 0:00:00]} 2. d4 {[%emt 0:00:00]} d5 {[%emt 0:00:00]} 3. Nd2 {[%emt 0:00:00]} c5 {[%emt 0:00:00]} 4. exd5 {[%emt 0:00:00]} exd5 {[%emt 0:00:00]} 5. Ngf3 {[%emt 0:00:30]} Nc6 {[%emt 0:00:00]} 6. Bb5 {[%emt 0:00:23]} Bd6 {[%emt 0:00:06]} 7. dxc5 {[%emt 0:00:25]} Bxc5 {[%emt 0:00:19]} 8. O-O {[%emt 0:00:55]} Nge7 {[%emt 0:00:05]} 9. Nb3 {[%emt 0:01:10]} Bd6 {[%emt 0:00:09]} 10. h3 {[%emt 0:01:29]} O-O {[%emt 0:00:42]} 11. c3 {[%emt 0:00:55]} Bf5 {[%emt 0:06:11]} 12. Bd3 {[%emt 0:00:21]} Qd7 {[%emt 0:03:47]} 13. Re1 {[%emt 0:03:04]} Be4 {[%emt 0:16:23]} 14. Bxe4 {[%emt 0:02:18]} dxe4 {[%emt 0:00:08]} 15. Nc5 {[%emt 0:00:59]} Qf5 {[%emt 0:07:09]} 16. Nxe4 {[%emt 0:01:24]} Bc7 {[%emt 0:00:16]} 17. Bg5 {[%emt 0:08:10]} Ng6 {[%emt 0:02:59]} 18. Nd6 {[%emt 0:05:34]} Qc5 {[%emt 0:08:34]} 19. Ne4 {[%emt 0:03:45]} Qf5 {[%emt 0:04:15]} 20. Qc2 {[%emt 0:05:44]} Kh8 {[%emt 0:01:14]} 21. Qb3 {[%emt 0:04:20]} Nce5 {[%emt 0:08:51]} 22. Nd4 {[%emt 0:03:14]} Qc8 {[%emt 0:05:49]} 23. Nb5 {[%emt 0:10:35]} h6 {[%emt 0:00:56]} 24. Be3 {[%emt 0:02:27]} Nf3+ {[%emt 0:03:27]} 25. Kf1 {[%emt 0:14:10]} Nxe1 {[%emt 0:02:03]} 26. Rxe1 {[%emt 0:00:15]} a6 {[%emt 0:02:49]} 27. Nbd6 {[%emt 0:01:09]} Bxd6 {[%emt 0:01:43]} 28. Nxd6 {[%emt 0:00:02]} Qc6 {[%emt 0:06:25]} 29. Rd1 {[%emt 0:03:42]} b5 {[%emt 0:04:07]} 30. Nxf7+ {[%emt 0:04:46]} Kh7 {[%emt 0:00:20]} 31. Nd6 {[%emt 0:01:06]} Rad8 {[%emt 0:03:22]} 32. Qd5 {[%emt 0:01:10]} Qxd5 33. Rxd5 {[%emt 0:00:02]} Ne7 {[%emt 0:04:29]} 34. Rd2 {[%emt 0:01:08]} Rd7 {[%emt 0:02:30]} 35. Ne4 {[%emt 0:01:24]} Rxd2 {[%emt 0:00:03]} 36. Nxd2 {[%emt 0:00:21]} Nd5 {[%emt 0:00:07]} 37. Bd4 {[%emt 0:01:04]} Nf4 {[%emt 0:03:23]} 38. h4 {[%emt 0:02:16]} Re8 {[%emt 0:00:49]} 39. Be3 {[%emt 0:01:21]} Nd3 {[%emt 0:01:52]} 40. b3 {[%emt 0:00:00]} Rc8 {[%emt 0:00:00]} 41. Ne4 {[%emt 0:00:00]} Re8 {[%emt 0:00:00]} 42. f3 {[%emt 0:00:00]} a5 {[%emt 0:00:00]} 43. Ke2 {[%emt 0:00:00]} Ne5 {[%emt 0:00:00]} 44. Nd6 {[%emt 0:00:00]} Rb8 {[%emt 0:00:00]} 45. Ba7 {[%emt 0:00:00]} Rf8 {[%emt 0:00:00]} 46. Nxb5 {[%emt 0:00:00]} Ng6 {[%emt 0:00:00]} 47. g3 {[%emt 0:00:00]} Ne5 {[%emt 0:00:00]} 48. Nd4 {[%emt 0:00:00]} Kg6 {[%emt 0:00:00]} 49. a4 {[%emt 0:00:00]} Nd7 {[%emt 0:01:46]} 50. b4 {[%emt 0:00:00]} Ra8 51. Nc6 {[%emt 0:00:00]} Kf7 {[%emt 0:04:36]} 52. b5 Ke8 53. g4 {[%emt 0:00:00]} Rc8 {[%emt 0:00:54]} 54. Kd2 {[%emt 0:00:00]} Nf6 {[%emt 0:00:53]} 55. Nxa5 {[%emt 0:00:00]} 1-0

[Event "Nakhchivan Premium 2021"]
[Site "Nakhchivan"]
[Date "2021.03.27"]
[Round "6.3"]
[White "Seyid, Huseyn"]
[Black "Aliyev, Aykhan"]
[Result "0-1"]
[WhiteElo "1660"]
[BlackElo "1683"]
[Annotator "NA RC"]
[PlyCount "106"]
[EventDate "2021.03.14"]
[EventType "tourn"]
[EventCountry "AZE"]
[SourceTitle "playchess.com"]
[Source "ChessBase"]
[SourceQuality "1"]
[TimeControl "5400+30"]

1. e4 {[%emt 0:00:00]} c5 {[%emt 0:00:00]} 2. Nf3 {[%emt 0:00:00]} Nc6 {[%emt 0:00:00]} 3. d4 {[%emt 0:00:00]} cxd4 {[%emt 0:00:00]} 4. Nxd4 {[%emt 0:00:00]} g6 {[%emt 0:00:00]} 5. c4 {[%emt 0:00:00]} Bg7 {[%emt 0:00:02]} 6. Be3 {[%emt 0:00:00]} Qb6 {[%emt 0:00:07]} 7. Nb3 {[%emt 0:10:43]} Qc7 {[%emt 0:00:08]} 8. Nc3 {[%emt 0:00:28]} Bxc3+ {[%emt 0:00:17]} 9. bxc3 {[%emt 0:00:02]} Nf6 {[%emt 0:00:09]} 10. f3 {[%emt 0:00:36]} d6 {[%emt 0:01:29]} 11. Be2 {[%emt 0:02:50]} b6 {[%emt 0:00:10]} 12. O-O {[%emt 0:05:45]} O-O {[%emt 0:00:39]} 13. Nd4 {[%emt 0:08:17]} Ne5 {[%emt 0:02:58]} 14. Nb5 {[%emt 0:02:31]} Qc6 {[%emt 0:00:57]} 15. Qb3 {[%emt 0:15:58]} Be6 {[%emt 0:03:28]} 16. Nd4 {[%emt 0:02:02]} Qc5 {[%emt 0:00:19]} 17. Bf2 {[%emt 0:01:55]} Bxc4 {[%emt 0:00:44]} 18. Bxc4 {[%emt 0:02:24]} Qxc4 {[%emt 0:00:08]} 19. f4 {[%emt 0:02:20]} Qxb3 {[%emt 0:01:48]} 20. axb3 {[%emt 0:00:01]} Nd3 {[%emt 0:00:11]} 21. e5 {[%emt 0:02:13]} dxe5 {[%emt 0:02:56]} 22. fxe5 {[%emt 0:00:16]} Nxe5 {[%emt 0:00:52]} 23. Rfe1 {[%emt 0:00:56]} Nfd7 {[%emt 0:01:26]} 24. Bg3 {[%emt 0:05:24]} f6 {[%emt 0:00:13]} 25. Bxe5 {[%emt 0:00:29]} Nxe5 {[%emt 0:00:12]} 26. Nf3 {[%emt 0:00:34]} Nxf3+ {[%emt 0:00:09]} 27. gxf3 {[%emt 0:00:01]} e5 {[%emt 0:00:27]} 28. Red1 {[%emt 0:00:26]} Rf7 {[%emt 0:07:11]} 29. c4 {[%emt 0:02:08]} Rb7 {[%emt 0:06:13]} 30. Rd6 {[%emt 0:00:12]} Kf7 {[%emt 0:00:08]} 31. Rad1 {[%emt 0:01:11]} Re8 {[%emt 0:03:17]} 32. Kf2 {[%emt 0:03:15]} e4 {[%emt 0:01:57]} 33. Re1 {[%emt 0:03:35]} Rbe7 {[%emt 0:00:11]} 34. fxe4 {[%emt 0:00:36]} Rxe4 {[%emt 0:00:11]} 35. Rd7+ {[%emt 0:01:20]} R4e7 {[%emt 0:00:08]} 36. Rexe7+ {[%emt 0:00:50]} Rxe7 {[%emt 0:00:06]} 37. Rd6 {[%emt 0:00:37]} g5 {[%emt 0:02:58]} 38. Kf3 {[%emt 0:02:18]} Kg6 {[%emt 0:00:21]} 39. Rd5 {[%emt 0:00:35]} Re1 {[%emt 0:02:06]} 40. Rd7 {[%emt 0:00:00]} Rc1 {[%emt 0:00:00]} 41. Rxa7 {[%emt 0:00:00]} Rc3+ {[%emt 0:00:00]} 42. Kg2 {[%emt 0:00:00]} Rxb3 {[%emt 0:00:00]} 43. Rc7 {[%emt 0:00:00]} h5 {[%emt 0:00:00]} 44. c5 {[%emt 0:00:00]} Rb2+ {[%emt 0:00:00]} 45. Kg1 {[%emt 0:00:00]} bxc5 {[%emt 0:00:00]} 46. Rxc5 {[%emt 0:00:00]} g4 {[%emt 0:00:00]} 47. Rc3 {[%emt 0:00:00]} Kg5 {[%emt 0:00:00]} 48. h3 {[%emt 0:00:00]} f5 {[%emt 0:00:00]} 49. hxg4 {[%emt 0:00:00]} hxg4 {[%emt 0:00:00]} 50. Rc5 {[%emt 0:00:00]} g3 {[%emt 0:00:00]} 51. Rc3 {[%emt 0:00:00]} Kg4 {[%emt 0:00:00]} 52. Rc4+ {[%emt 0:00:00]} f4 {[%emt 0:00:00]} 53. Rc8 {[%emt 0:00:00]} Rb1+ {[%emt 0:00:00]} 0-1

[Event "Nakhchivan Premium 2021"]
[Site "Nakhchivan"]
[Date "2021.03.27"]
[Round "6.4"]
[White "Gasimov, Parviz"]
[Black "Mammadov, Sadig"]
[Result "1-0"]
[WhiteElo "2337"]
[BlackElo "2237"]
[Annotator "TA"]
[PlyCount "53"]
[EventDate "2021.03.14"]
[EventType "tourn"]
[EventCountry "AZE"]
[SourceTitle "playchess.com"]
[Source "ChessBase"]
[SourceQuality "1"]

{[%evp 13,53,29,52,52,50,53,54,35,35,25,31,0,10,-11,16,16,23,23,13,16,77,70,124,136,281,277,333,333,433,423,812,619,805,812,778,783,1773,1709,29986,29985,29988,29989]} 1. e4 e6 2. d4 d5 3. Nd2 a6 4. Ngf3 c5 5. exd5 exd5 6. Be2 Nc6 7. O-O c4 8. Re1 {C08: French Tarrasch: 3...c5 4 exd5 exd5 sidelines.} Be7 $1 9. b3 cxb3 {[#]} 10. c4 $146 {White is slightly better.} ({Predecessor:} 10. axb3 Nf6 11. Nf1 O-O 12. Ng3 Ne4 {½-½ (12) Findlay,I (2410)-Spraggett,K (2550) Toronto 1987}) 10... Nf6 11. Qxb3 O-O 12. Bb2 Na5 13. Qc2 Nxc4 14. Nxc4 dxc4 15. Bxc4 b5 16. Bb3 {aiming for Ng5.} Bb7 {[#]} (16... a5 $11) 17. d5 $1 $16 {Black must now prevent Ng5.} h6 ({Much worse is} 17... Bxd5 $6 18. Bxd5 Nxd5 19. Rad1 $18) (17... Rc8 $14 18. Qd3 Nd7) 18. Nd4 Nxd5 {[#] Loses the game.} (18... Bb4 $16 {was called for.}) 19. Nf5 $1 $18 {Bxd5 is the strong threat.} Bf6 20. Bxf6 Nxf6 21. Rad1 Qb6 {[#]} (21... Nd5 $142 22. Bxd5 Bxd5 23. Rxd5 Qf6) 22. Nxh6+ $1 {[%mdl 512]} Kh8 23. Nxf7+ Rxf7 24. Bxf7 Bxg2 25. Re6 Qb7 {[#]} 26. Rxf6 $1 {[%mdl 512]} Be4 (26... Bh1 27. Qg6) 27. Qc3 {Weighted Error Value: White=0.04/Black=0.70} 1-0